00000000nam##2200000za#4500
0019.528891
003CaOODSP
00520200331225506
007ta
008150406|1997||||xxc|||||     f|0| 0 fre|d
040 |aCaOODSP|bfre
041 |aeng
041 |afre
043 |an-cn---
0861 |aH12-30/109
1101 |aCanada.|bSanté Canada. |bDirection générale de la protection de la santé.
24510|aIncidents liés à l'utilisation de lève-patients
260 |aOttawa - Ontario : |bSanté Canada.
300 |a6p. : |bfigures ; |c28 cm.
4901 |aAlerte: matériels médicaux |vN° 109, le 20 mars 1997
546 |aBilingue
563 |aDépliant
590 |a97-14|b1997-04-04
7760#|tIncidents involving patient lifts |w(CaOODSP)9.588055
791 |tIncidents involving patient lifts |eeng|w(CaOODSP)9.528890
830#0|aAlerte: matériels médicaux ;|vN° 109, le 20 mars 1997|w(CaOODSP)9.509385